000 00323nam a2200133Ia 4500
005 20251222143257.0
008 251222s9999||||xx |||||||||||||| ||spa||
020 _a970-05-0601-0
082 _a153.7/P52
100 _aPiaget, Jean
245 0 _aLa Construcción de lo Real en el Niño
264 _bGrijalbo
942 _cLIB
999 _c15200
_d15200